SIU newsletter (Record no. 32707)
[ view plain ]
| 000 -LEADER | |
|---|---|
| fixed length control field | 00585nas a2200145 a 4500 |
| 008 - FIXED-LENGTH DATA ELEMENTS--GENERAL INFORMATION | |
| fixed length control field | 140219c99999999||||||||||||||||| || u |
| 050 ## - LIBRARY OF CONGRESS CALL NUMBER | |
| Classification number | PER/SIU |
| 110 ## - MAIN ENTRY--CORPORATE NAME | |
| Corporate name or jurisdiction name as entry element | Society international D'urologie |
| 245 10 - TITLE STATEMENT | |
| Title | SIU newsletter |
| 260 ## - PUBLICATION, DISTRIBUTION, ETC. | |
| Place of publication, distribution, etc. | Canada: |
| Name of publisher, distributor, etc. | Society International D'urologie |
| Date of publication, distribution, etc. | |
| 362 1# - | |
| -- | <p>2013, Vol.9/No.3</p> |
| 650 ## - SUBJECT ADDED ENTRY--TOPICAL TERM | |
| Topical term or geographic name entry element | UROLOGY,GENITOURINARY ORGANS--DISEASES, UROLOGY DISEASES |
| 650 ## - SUBJECT ADDED ENTRY--TOPICAL TERM | |
| Topical term or geographic name entry element | UROLOGY--PERIODICALS |
| 995 ## - | |
| -- | MEDICAL LIBRARY OPEN ACCESS |
| -- | Vol.9/No.9-2013 |
| -- | CBU-SCHOOL OF MEDICINE LIBRARY (Ndola) |
| -- | PER/SIU |
| -- | 1 |
| -- | AVAILABLE |
| -- | Feb 19, 2014 |
| -- | 201393 |
| -- | Serial (Print) |
| 999 ## - | |
| -- | 32707 |
| -- | 32707 |
| Withdrawn status | Lost status | Source of classification or shelving scheme | Damaged status | Not for loan | Permanent Location | Current Location | Shelving location | Date acquired | Total Checkouts | Full call number | Barcode | Date last seen | Price effective from | Koha item type |
|---|---|---|---|---|---|---|---|---|---|---|---|---|---|---|
| CBU-SCHOOL OF MEDICINE LIBRARY, NDOLA. | CBU-SCHOOL OF MEDICINE LIBRARY, NDOLA. | 11/30/2022 | PER/SIU | 201393 | 11/30/2022 | 11/30/2022 | MONOGRAPH |